Statistics for Seamus Heaney Bibliography

Click here to take the quiz!

General Stats

  • This quiz has been taken 6 times
  • The average score is 10 of 499

Answer Stats

TypeYearName% Correct
Poem | Poetry Collection1966Death of a Naturalist
60%
Poem1966Digging
40%
Poem | Poetry Collection1979Field Work
40%
Poem1996M.
40%
Poetry Collection2018100 Poems
20%
Poem1966Blackberry-Picking
20%
Poem | Poetry Collection2006District and Circle
20%
Poetry Collection1969Door into the Dark
20%
Poem | Poetry Collection2001Electric Light
20%
Prose Collection2002Finders Keepers: Selected Prose 1971-2001
20%
Poem | Poetry Collection2010Human Chain
20%
Poem1966Mid-Term Break
20%
Poetry Collection1990New Selected Poems 1966-1987
20%
Poem | Poetry Collection1975North
20%
Poetry Collection1998Opened Ground: Poems 1966-1996
20%
Prose Collection1980Preoccupations: Selected Prose 1968-1978
20%
Poem2001Red, White and Blue 1. Red
20%
Poem2001Red, White and Blue 3. Blue
20%
Poetry Collection1991Seeing Things
20%
Poem1991Seeing Things I
20%
Poem1991Seeing Things II
20%
Poem1991Seeing Things III
20%
Poetry Collection1980Selected Poems 1965-1975
20%
Poem | Poetry Collection1984Station Island
20%
Poem1966Storm on the Island
20%
Play2004The Burial at Thebes: A Version of Sophocles' Antigone
20%
Play1990The Cure at Troy: A Version of Sophocles' Philoctetes
20%
Prose Collection1988The Government of the Tongue
20%
Poem | Poetry Collection1987The Haw Lantern
20%
Prose Collection1995The Redress of Poetry: Poems 1966-1996
20%
Poetry Collection1996The Spirit Level
20%
Poetry Collection1972Wintering Out
20%
Poem19911.1.87
0%
Poem1991A Basket of Chestnuts
0%
Poem1984A Bat on the Road
0%
Poem1996A Brigid's Girdle
0%
Poem1996A Call
0%
Poem2006A Chow
0%
Poem2006A Clip
0%
Poem1975Act of Union
0%
Poem1987A Daylight Art
0%
Poem1996A Dog Was Crying Tonight in Wicklow Also
0%
Poem1979A Dream of Jealousy
0%
Poem1979A Drink of Water
0%
Poem1979After a Killing
0%
Poem2006A Hagging Match
0%
Poem1984A Hazel Stick for Catherine Ann
0%
Poem2010A Herbal
0%
Poem1975Aisling
0%
Poem1984A Kite for Michael and Christopher
0%
Poem2010A Kit for Aibhín
0%
Poem2010Album
0%
Poem1984Alerted
0%
Poem1969A Lough Neagh Sequence 1. Up the Shore
0%
Poem1969A Lough Neagh Sequence 2. Beyond Sargasso
0%
Poem1969A Lough Neagh Sequence 3. Bait
0%
Poem1969A Lough Neagh Sequence 4. Setting
0%
Poem1969A Lough Neagh Sequence 5. Lifting
0%
Poem1969A Lough Neagh Sequence 6. The Return
0%
Poem1969A Lough Neagh Sequence 7. Vision
0%
Poem1987Alphabets
0%
Poem1984A Migration
0%
Poem2010A Mite-Box
0%
Poem1966An Advancement of Learning
0%
Poem1979An Afterwards
0%
Poem1972Anahorish
0%
Poem2006Anahorish 1944
0%
Poem1984An Aisling in the Burren
0%
Poem1996An Architect
0%
Poem1969An Ardboe Point
0%
Poem1984An Artist
0%
Poem1991An August Night
0%
Poem1966Ancestral Photograph
0%
Poem1972A New Song
0%
Poem1996An Invocation
0%
Poem2010An Old Refrain
0%
Poem1972A Northern Hoard 1. Roots
0%
Poem1972A Northern Hoard 2. No Man's Land
0%
Poem1972A Northern Hoard 3. Stump
0%
Poem1972A Northern Hoard 4. No Sanctuary
0%
Poem1972A Northern Hoard 5. Tinder
0%
Poem1975Antaeus
0%
Poem1984An Ulster Twilight
0%
Poem2006Anything Can Happen
0%
Poem1987A Peacock's Feather
0%
Poem1991A Pillowed Head
0%
Poem1987A Postcard from Iceland
0%
Poem1979A Postcard from North Antrim
0%
Poem1991A Retrospect
0%
Poem2001Arion
0%
Poem1991A Royal Prospect
0%
Poem1987A Ship of Death
0%
Poem2006A Shiver
0%
Poem1987A Shooting Script
0%
Poem1996A Sofa in the Forties
0%
Poem1966At a Potato Digging
0%
Poem1996At Banagher
0%
Poem1979At the Water's Edge
0%
Poem1996At the Wellhead
0%
Poem2001At Toomebridge
0%
Poem2001Audenesque
0%
Poem1972Augury
0%
Poem1984A Waking Dream
0%
Poem1984Away from It All
0%
Poem1972A Winter's Tale
0%
Poem2001Ballynahinch Lake
0%
Poem1969Bann Clay
0%
Poem2001Bann Valley Eclogue
0%
Poem1972Big Oak
0%
Poem2006Boarders
0%
Poem2001Bodies and Souls
0%
Poem1969Bogland
0%
Poem1975Bog Queen
0%
Poem1975Bone Dreams
0%
Poem2006Brancardier
0%
Poem1972Broagh
0%
Poem1972Bye-Child
0%
Poem1972Cairn-Maker
0%
Poem1969Cana Revisited
0%
Poem2010Canopy
0%
Poem1991Casting and Gathering
0%
Poem1979Casualty
0%
Poem2006Cavafy: "The Rest I'll Speak of to the Ones Below in Hades"
0%
Poem2006Chairing Mary
0%
Poem1984Changes
0%
Poem2010Chanson d'Aventure
0%
Poem1984Chekhov on Sakhalin
0%
Poem1966Churning Day
0%
Poem1987Clearances
0%
Poem1987Clearances: In Memoriam M.K.H.
0%
Poem2001Clonmany to Ahascragh
0%
Poem2010Colum Cille Cecinit
0%
Poem1975Come to the Bower
0%
Poem1966Cow in Calf
0%
Poem1991Crossings
0%
Poem1996Damson
0%
Poem1972Dawn
0%
Poem1966Dawn Shoot
0%
Poem2010Death of a Painter
0%
Poem2010Derry Derry Down
0%
Poem1966Docker
0%
Poem1969Dream
0%
Poem1984Drifting Off
0%
Poem2006Edward Thomas on the Lagans Road
0%
Poem2010Eelworks
0%
Poem1979Elegy
0%
Poem1969Elegy for a Still-Born Child
0%
Poem2006Fiddleheads
0%
Poem1991Field of Vision
0%
Poem1972Fireside
0%
Poem1972First Calf
0%
Poem1972Fodder
0%
Poem1966Follower
0%
Poem1972For David Hammond and Michael Longley
0%
Poem1966For the Commander of the 'Eliza'
0%
Poem1975Freedman
0%
Poem1987From the Canton of Expectation
0%
Poem1987From the Frontier of Writing
0%
Poem1987From the Land of the Unspoken
0%
Poem1987From the Republic of Conscience
0%
Poem1975Funeral Rites
0%
Poem1972Gifts of Rain
0%
Poem1969Girls Bathing, Galway, 1965
0%
Poem2001Glanmore Eclogue
0%
Poem1991Glanmore Revisited 1. Scrabble
0%
Poem1991Glanmore Revisited 2. The Cot
0%
Poem1991Glanmore Revisited 3. Scene Shifts
0%
Poem1991Glanmore Revisited 4. 1973
0%
Poem1991Glanmore Revisited 5. Lustral Sonnet
0%
Poem1991Glanmore Revisited 6. Bedside Reading
0%
Poem1991Glanmore Revisited 7. The Skylight
0%
Poem1979Glanmore Sonnets
0%
Poem1969Gone
0%
Poem1972Good-Night
0%
Poem1966Gravities
0%
Poem1987Grotus and Coventina
0%
Poem2010"Had I Not Been Awake"
0%
Poem1987Hailstones
0%
Poem2006Helmet
0%
Poem2006Helping Sarah
0%
Poem1975Hercules and Antaeus
0%
Poem2010Hermit Songs
0%
Poem1979High Summer
0%
Poem2006Höfn
0%
Poem1987Holding Course
0%
Poem1984Holly
0%
Poem1979Homecomings
0%
Poem1966Honeymoon Flight
0%
Poem2006In a Loaning
0%
Poem1969In Gallarus Oratory
0%
Poem1984In Illo Tempore
0%
Poem2006In Iowa
0%
Poem1979In Memoriam Francis Ledwidge
0%
Poem1987In Memoriam: Robert Fitzgerald
0%
Poem1979In Memoriam Seán Ó Riada
0%
Poem1966In Small Townlands
0%
Poem2010In the Attic
0%
Poem1984In the Beech
0%
Poem1984In the Chestnut Tree
0%
Poem1996Keeping Going
0%
Poem1975Kinship i
0%
Poem1975Kinship ii
0%
Poem1975Kinship iii
0%
Poem1975Kinship iv
0%
Poem1975Kinship v
0%
Poem1975Kinship vi
0%
Poem2001Known World
0%
Poem1972Land
0%
Poem1984Last Look
0%
Poem2001Late in the Day
0%
Poem1984La Toilette
0%
Poem1979Leavings
0%
Poem2010"Lick the Pencil"
0%
Poem1991Lightenings
0%
Poem2006"Like Everybody Else..."
0%
Poem1972Limbo
0%
Poem1972Linen Town
0%
Poem2010Loughanure
0%
Poem1966Lovers on Aran
0%
Poem2001Lupins
0%
Poem1972Maighdean Mara
0%
Poem1984Making Strange
0%
Poem1991Man and Boy
0%
Poem1991Markings
0%
Poem1972May
0%
Poem1972Midnight
0%
Poem2006Midnight Anvil
0%
Poem1996Mint
0%
Poem2010Miracle
0%
Poem2001Montana
0%
Poem1975Mossbawn: Two Poems in Dedication to Mary Heaney 1. Sunlight
0%
Poem1975Mossbawn: Two Poems in Dedication to Mary Heaney 2. The Seed Cutters
0%
Poem1969Mother
0%
Poem1972Mother of the Groom
0%
Poem2006Moyulla
0%
Poem1996Mycenae Lookout 1. The Watchman's War
0%
Poem1996Mycenae Lookout 2. Cassandra
0%
Poem1996Mycenae Lookout 3. His Dawn Vision
0%
Poem1996Mycenae Lookout 4. The Nights
0%
Poem1996Mycenae Lookout 5. The Reverie of Water
0%
Poem1972Navvy
0%
Poem1972Nerthus
0%
Poem1969Night Drive
0%
Poem1969Night-Piece
0%
Poem2006Nonce Words
0%
Poem1975Ocean's Love to Ireland
0%
Poem2006One Christmas Day in the Morning
0%
Poem2001On His Work in the English Tongue
0%
Poem1984On the Road
0%
Poem2006On the Spot
0%
Poem1972Oracle
0%
Poem2006Out of Shot
0%
Poem2001Out of the Bag 1
0%
Poem2001Out of the Bag 2
0%
Poem2001Out of the Bag 3
0%
Poem2001Out of the Bag 4
0%
Poem1979Oysters
0%
Poem1987Parable Island
0%
Poem2001Perch
0%
Poem1966Personal Helicon
0%
Poem2006Planting the Alder
0%
Poem1966Poem
0%
Poem1996'Poet's Chair'
0%
Poem2006Poet to Blacksmith
0%
Poem1979Polder
0%
Poem2006Polish Sleepers
0%
Poem1966Poor Women in a City Church
0%
Poem1996Postcript
0%
Poem1975Punishment
0%
Poem2001Red, White and Blue 2. White
0%
Poem1969Relic of Memory
0%
Poem1996Remembered Columns
0%
Poem1984Remembering Malibu
0%
Poem1969Requiem for the Croppies
0%
Poem2006Rilke: After the Fire
0%
Poem1969Rite of Spring
0%
Poem2010Route 110
0%
Poem1966Saint Francis and the Birds
0%
Poem1984Sandstone Keepsake
0%
Poem2006Saw Music
0%
Poem1966Scaffolding
0%
Poem2001Seeing the Sick
0%
Poem1972Serenades
0%
Poem1972Servant Boy
0%
Poem1991Settings
0%
Poem1984Sheelagh na Gig
0%
Poem1984Shelf Life 1. Granite Chip
0%
Poem1984Shelf Life 2. Old Smoothing Iron
0%
Poem1984Shelf Life 3. Old Pewter
0%
Poem1984Shelf Life 4. Iron Spike
0%
Poem1984Shelf Life 5. Stone from Delphi
0%
Poem1984Shelf Life 6. A Snowshoe
0%
Poem1969Shoreline
0%
Poem1972Shore Woman
0%
Poem1979Sibyl
0%
Poem1975Singing School 1. The Ministry of Fear
0%
Poem1975Singing School 2. A Constable Calls
0%
Poem1975Singing School 3. Orange Drums, Tyrone, 1966
0%
Poem1975Singing School 4. Summer 1969
0%
Poem1975Singing School 5. Fosterage
0%
Poem1975Singing School 6. Exposure
0%
Poem1975Singing School (Epigraphs)
0%
Poem2010Slack
0%
Poem1984Sloe Gin
0%
Poem1972Somnambulist
0%
Poem1979Song
0%
Poem2001Sonnets from Hellas 1. Into Arcadia
0%
Poem2001Sonnets from Hellas 2. Conkers
0%
Poem2001Sonnets from Hellas 3. Pylos
0%
Poem2001Sonnets from Hellas 4. The Augean Stables
0%
Poem2001Sonnets from Hellas 5. Castalian Spring
0%
Poem2001Sonnets from Hellas 6. Desfina
0%
Poem1991Squarings
0%
Poem2001Sruth
0%
Poem2006Stern
0%
Poem1996St. Kevin and the Blackbird
0%
Poem1975Strange Fruit
0%
Poem2006Súgán
0%
Poem1972Summer Home
0%
Poem2010Sweeney Out-Takes
0%
Poem1984Sweeney Redivivus
0%
Poem1984Sweeney's Returns
0%
Poem1984Sweetpea
0%
Poem1966Synge on Aran
0%
Poem2006Tall Dames
0%
Poem2006Tate's Avenue
0%
Poem2001Ten Glosses 10. A Norman Simile
0%
Poem2001Ten Glosses 1. The Marching Season
0%
Poem2001Ten Glosses 2. The Catechism
0%
Poem2001Ten Glosses 3. The Bridge
0%
Poem2001Ten Glosses 4. A Suit
0%
Poem2001Ten Glosses 5. The Party
0%
Poem2001Ten Glosses 6. W. H. Auden 1907-73
0%
Poem2001Ten Glosses 7. The Lesson
0%
Poem2001Ten Glosses 8. Moling's Gloss
0%
Poem2001Ten Glosses 9. Colly
0%
Poem1987Terminus
0%
Poem1969Thatcher
0%
Poem2006The Aerodrome
0%
Poem1991The Ash Plant
0%
Poem1972The Backward Look
0%
Poem1979The Badgers
0%
Poem2010The Baler
0%
Poem1966The Barn
0%
Poem1975The Betrothal of Cavehill
0%
Poem2006The Birch Grove
0%
Poem1991The Biretta
0%
Poem1984The Birthplace
0%
Poem2006The Blackbird of Glanmore
0%
Poem2001The Bookcase
0%
Poem2001The Border Campaign
0%
Poem1996The Butter-Print
0%
Poem2010The Butts
0%
Poem1984The Cleric
0%
Poem2001The Clothes Shrine
0%
Poem2010The Conway Stewart
0%
Poem1975The Digging Skeleton
0%
Poem1987The Disappearing Island
0%
Poem1966The Diviner
0%
Poem2010"The Door Was Open and the House Was Dark"
0%
Poem1966The Early Purges
0%
Poem1996The Errand
0%
Poem1984The First Flight
0%
Poem1984The First Gloss
0%
Poem1984The First Kingdom
0%
Poem1996The First Words
0%
Poem1996The Flight Path 1
0%
Poem1996The Flight Path 2
0%
Poem1996The Flight Path 3
0%
Poem1996The Flight Path 4
0%
Poem1996The Flight Path 5
0%
Poem1996The Flight Path 6
0%
Poem1966The Folk Singers
0%
Poem1969The Forge
0%
Poem2001The Fragment
0%
Poem2001The Gaeltacht
0%
Poem1969The Given Note
0%
Poem1991The Golden Bough
0%
Poem1975The Grauballe Man
0%
Poem1996The Gravel Walks
0%
Poem1979The Guttural Muse
0%
Poem2006The Harrow-Pin
0%
Poem1979The Harvest Bow
0%
Poem1984The Hermit
0%
Poem1991The Journey Back
0%
Poem2006The Lagans
0%
Poem1972The Last Mummer
0%
Poem2006The Lift
0%
Poem2001The Little Canticles of Asturias 1
0%
Poem2001The Little Canticles of Asturias 2
0%
Poem2001The Little Canticles of Asturias 3
0%
Poem1984The Loaning
0%
Poem2001The Loose Box
0%
Poem1984The Master
0%
Poem1987The Milk Factory
0%
Poem1987The Mud Vision
0%
Poem2006The Nod
0%
Poem1984The Old Icons
0%
Poem1987The Old Team
0%
Poem1972The Other Side
0%
Poem1979The Otter
0%
Poem1969The Outlaw
0%
Poem1969The Peninsula
0%
Poem1991The Pitchfork
0%
Poem1969The Plantation
0%
Poem1966The Play Way
0%
Poem1996The Poplar
0%
Poem1984The Railway Children
0%
Poem1996The Rain Stick
0%
Poem2001The Real Name
0%
Poem1991The Rescue
0%
Poem1987The Riddle
0%
Poem2010The Riverbank Field
0%
Poem2006The Sally Rod
0%
Poem1969The Salmon Fisher to the Salmon
0%
Poem1984The Sandpit 1. 1946
0%
Poem1984The Sandpit 2. The Demobbed Bricklayer
0%
Poem1984The Sandpit 3. The Sand Boom
0%
Poem1984The Sandpit 4. What the Brick Keeps
0%
Poem1991The Schoolbag
0%
Poem1984The Scribes
0%
Poem1991The Settle Bed
0%
Poem1996The Sharping Stone
0%
Poem1979The Singer's House
0%
Poem1979The Skunk
0%
Poem1987The Song of the Bullets
0%
Poem1991The Sounds of Rain
0%
Poem1987The Spoonbait
0%
Poem1987The Stone Grinder
0%
Poem1987The Stone Verdict
0%
Poem1996The Strand
0%
Poem1979The Strand at Lough Beg
0%
Poem1987The Summer of Lost Rachel
0%
Poem1996The Swing
0%
Poem1996The Thimble
0%
Poem1972The Tollund Man
0%
Poem2006The Tollund Man in Springtime
0%
Poem1979The Toome Road
0%
Poem2006The Turnip-Snedder
0%
Poem1975The Unacknowledged Legislator's Dream
0%
Poem1984The Underground
0%
Poem1996The Walk
0%
Poem1969The Wife's Tale
0%
Poem1987The Wishing Tree
0%
Poem2010The Wood Road
0%
Poem1972The Wool Trade
0%
Poem1991Three Drawings 1. The Point
0%
Poem1991Three Drawings 2. The Pulse
0%
Poem1991Three Drawings 3. A Haul
0%
Poem1996To a Dutch Potter in Ireland 1.
0%
Poem1996To a Dutch Potter in Ireland 2. After Liberation
0%
Poem2006To George Seferis in the Underworld
0%
Poem1996Tollund
0%
Poem2006To Mick Joyce in Heaven
0%
Poem1972Toome
0%
Poem2006To Pablo Neruda in Tamlaghtduff
0%
Poem2001To the Shade of Zbigniew Herbert
0%
Poem1972Traditions
0%
Poem1972Travel
0%
Poem1966Trout
0%
Poem1966Turkeys Observed
0%
Poem2001Turpin Song
0%
Poem1966Twice Shy
0%
Poem1996Two Lorries
0%
Poem1987Two Quick Notes
0%
Poem1996Two Stick Drawings (1)
0%
Poem1996Two Stick Drawings (2)
0%
Poem1979Ugolino
0%
Poem2010Uncoupled
0%
Poem1969Undine
0%
Poem1984Unwinding
0%
Poem1966Valediction
0%
Poem1972Veteran's Dream
0%
Poem1969Victorian Guitar
0%
Poem1975Viking Dublin: Trial Pieces
0%
Poem2001Virgil: Eclogue IX
0%
Poem2001Vitruviana
0%
Poem1966Waterfall
0%
Poem1972Wedding Day
0%
Poem1996Weighing In
0%
Poem1972Westering
0%
Poem1975Whatever You Say Say Nothing
0%
Poem1975Whatever You Say Say Nothing iv
0%
Poem1991Wheels Within Wheels
0%
Poem1969Whinlands
0%
Poem1996Whitby-sur-Moyola
0%
Poem1984Widgeon
0%
Poem1987Wolfe Tone
0%
Poem2006Wordsworth's Skates
0%
Poem2001'Would They Had Stay'd'
0%
Poem2010Wraiths
0%

Score Distribution

Percentile by Number Answered

Percent of People with Each Score

Your Score History

You have not taken this quiz